| 000 | 00387cam a2200157ua 4500 | ||
|---|---|---|---|
| 041 |
_amal _h |
||
| 082 |
_a894.812301 _bPOT/CH |
||
| 100 | _aPottakkadu, D M . | ||
| 245 |
_aChorapookkal / _cD M Pottakkadu. _hTextual Documents |
||
| 250 |
_a2 / _b. |
||
| 260 |
_aThiruvalla : _bSouthern book stall , _c1959. |
||
| 300 | _a100 ; . | ||
| 504 | _a | ||
| 942 | _cBK | ||
| 999 |
_c11522 _d11522 |
||